Science Quiz

Random Science or Biology Quiz
Score 0/25 Timer 05:00
2 Plays Today
Hint Answer % Correct
AsiaGiant Panda
98.9%
Siberian Tiger
97.9%
North AmericaAmerican Bison
96.7%
AfricaGiraffe
96.6%
Common Raccoon
95.8%
Plains Zebra
95.7%
Koala
95.6%
Nile Crocodile
95%
Llama
92.7%
Chimpanzee
91.8%
King Cobra
91.3%
Platypus
90.7%
Orangutan
88.2%
Hint Answer % Correct
Canada goose
88.1%
OceaniaEmu
87.5%
Ring-tailed Lemur
83.1%
Komodo dragon
78.7%
Coyote
77.9%
Piranha
68.4%
Kiwi
68.2%
South AmericaMarine Iguana
67.2%
Roadrunner
60.6%
Capybara
56.4%
Tasmanian Devil
52.9%
Spectacled bear
46.2%
Remove Ads.
Support Sporcle.
Get the best of Sporcle when you Go Orange. This ad-free experience offers more features, more stats, and more fun while also helping to support Sporcle. Thank you for becoming a member.

You're not logged in!

Compare scores with friends on all Sporcle quizzes.
OR
Log In

Show Comments

Extras

Top Quizzes Today


Score Distribution

Your Account Isn't Verified!

In order to create a playlist on Sporcle, you need to verify the email address you used during registration. Go to your Sporcle Settings to finish the process.

Report this User

Report this user for behavior that violates our Community Guidelines.

Details: